| 000 | 00851nam a22002177a 4500 | ||
|---|---|---|---|
| 001 | 72992 | ||
| 003 | BD-RjUL | ||
| 005 | 20211209082333.0 | ||
| 008 | 170527r19881982ii ||||| |||| 00| 0 ben d | ||
| 035 | _a(BD-RjUL)73210 | ||
| 040 |
_aBD-RjUL _bben _cBD-RjUL |
||
| 041 | _aben | ||
| 082 |
_223 _a915 _bDAH 1988 |
||
| 100 | 1 |
_aদাশগুপ্ত, প্রেমময় _9136242 |
|
| 245 | 1 | 0 |
_aহিউয়েন সাঙের দেখা ভারত / _bসংকলক প্রেমময় দাশগুপ্ত |
| 260 |
_aকলকাতা _bফার্মা কে এল এম লি _c১৯৮২ [মুদ্রণ ১৯৮৮] |
||
| 300 |
_a১৮৮ পৃ _c২২ সেমি. |
||
| 651 |
_aএশিয়া, ভারত _xভ্রমণ _9215870 |
||
| 651 |
_aAsia, India _xTravel _9215871 |
||
| 942 |
_2ddc _cBK |
||
| 999 |
_c72992 _d72992 |
||